Quizzes
Events
Quiz Creation
Community
Videos
Private Events
Remove Ads
Sign In
Join for FREE
Feedback
Dark Mode
Quiz Categories
Sports
Geography
Music
Movies
Television
Just For Fun
Miscellaneous
History
Literature
Language
Science
Gaming
Entertainment
Religion
Holiday
For Kids
Quiz Lab
Recent
Popular Today
Quiz Kudos Today
Editor Picks
Curator Picks
Quizzes by...
Day
Popularity
Type
Ratings
Length
Year
Community
Subscriptions
Recent Discussions
Orange Saloon
Badges
Playlists
Quests
Create
Leaderboards
Showdown
Live 5
Trivia Bingo
Activity
Puzzle Library
Sporcle Events
Private Events
Virtual Trivia
Globe League
Become a Host
Pub Owners
SporcleCon
Opinionation
Our Games
Videos
Blog
Mobile Apps
Partnerships
Remove Ads and Go Orange
Feedback
Sports
Athletes
MLB
NBA
NHL
NFL
Soccer
Sports Teams
WWE
NCAA
Football
Premier League
Basketball
Baseball
Hockey
Golf
Tennis
Cricket
Rugby
Auto Racing
Olympics
World Cup
Sports
Athletes
MLB
NBA
NHL
NFL
Soccer
Sports Teams
WWE
NCAA
Football
Premier League
Basketball
Baseball
Hockey
Golf
Tennis
Cricket
Rugby
Auto Racing
Olympics
World Cup
Random Quiz
Search Sporcle
×
Quiz Lab
Quiz Lab
Sports
Premier League
Type in answers that appear in a list
Type in answers that appear in a list
Classic
Best Score? Go Orange.
Highest Football Transfer Fees Stats
Can you name the top 30 most expensive transfers in world football (soccer)?
By
Fabrebadger
8m
30 Questions
229 Plays
229 Plays
229 Plays
Comments
Comments
Give Quiz Kudos
Give Quiz Kudos
-
- Ratings
hide this ad
More Info
Replay
Link that replays current quiz
Next Quiz
Link to next quiz in quiz playlist
You Got
0%
They Got
Avg Score
47%
Avg Friend Score
Upgrade to see
Score Distribution
Jump to the score distribution portion of the page
Score
0/30
Timer
08:00
0
Plays Today
Transfer Fee
Player
% Correct
£80m
Cristiano Ronaldo
97.8%
£85.3m
Gareth Bale
95.2%
£46m
Zinedine Zidane
72.5%
£58.8m
Zlatan Ibrahimovic
72.1%
£48.6m
Neymar
70.3%
£50m
Fernando Torres
67.7%
£61m
Kaka
59.4%
£39m
Luis Figo
57.6%
£37.5m
Sergio Aguero
55.5%
£42.4m
Mesut Ozil
54.1%
£30m
Gianluigi Buffon
53.7%
£32m
Thiago Silva
52%
£51.5m
Radamel Falcao
50.7%
£35m
Radamel Falcao
50.7%
£35m
Andy Carroll
50.2%
Transfer Fee
Player
% Correct
£55m
Edinson Cavani
49.3%
£38m
James Rodriguez
44.5%
£32m
Eden Hazard
37.6%
£32.5m
Robinho
37.6%
£35.5m
Hernan Crespo
36.2%
£37.7m
Juan Mata
35.8%
£34m
Cesc Fabregas
31.9%
£34m
Hulk
31.4%
£34m
Gonzalo Higuain
31.4%
£32.9m
Luka Modric
29.7%
£32m
David Villa
27.9%
£33.8m
Javier Pastore
23.1%
£31.3m
Lucas Moura
17%
£34m
Axel Witsel
16.2%
£34.1m
Asier Illarramendi
4.8%
Quiz Playlist
Details
Report
Send in Message
Add To Playlist
More Info:
Player surname required Price in GBP - some may be rounded and include add-ons
Classic:
Type in answers that appear in a list
Last Updated: Feb 16, 2017
Quiz Scoreboard
CHALLENGE
Sign Up to Join the Scoreboard
Show All
Scores
Hide
Comments
May contain spoilers
Recently Published
TV Characters by Other Roles V
by ghcgh
Television
5m
Decade Duel: World Leaders
by jenniferyan
History
4m
Alphabetical 'K' Countries by Flag Minefield
by ylime102
Geography
3m
More to Explore
Quiz From the Vault
Featured Blog Post
15 Basketball Trivia Facts You Can Be March Mad About
hide this ad
You Might Also Like...
Tags
Football Quiz
Premier League Quiz
Soccer Quiz
Expensive
fee
goal
Liga BBVA
Ligue 1
Player
Serie A
Transfers
Today's Top Quizzes in Sports
Browse Sports
hide this ad
Today's Top Quizzes in Premier League
Browse Premier League
Top Contributed Quizzes in Sports
1
Les joueurs à 100 buts en Ligue 1 Uber Eats
2
2022 World Cup Stars
3
Pick 6: NFL Teams
4
MLB 2 truths and a lie: Hall of Fame pitchers
5
Pick 6: Minor League Baseball
6
Millionaire: NBA Finals Edition
7
Pick 6: Olympics
8
50+ Goals in European Competition
9
Click the 1998 NBA Draft
10
Iconic Moments in Football - Multiple Choice
Explore More
Trending Topics
Anime
NBA
Harry Potter
Crossword
Marvel
Kpop
Disney
NFL
Soccer
The Office
Song
Pokémon
WWE
Puzzle
Country
hide this ad
More By:
Fabrebadger
Quiz
Plays
Rating
Category
Featured
Created
Highest Football Transfer Fees
229
5.00
Sports
Mar 4, 2014
Foreign Footballers with English Names
216
2.80
Sports
Apr 23, 2014
Bunk's Speech
213
5.00
Television
May 8, 2014
African Premier League Internationals
144
5.00
Sports
Jan 8, 2014
Rappers by legal name
120
3.00
Music
Jan 5, 2018
Go to Creator's Profile
Score Distribution
Quiz Creator Spotlight
Fabrebadger
Follow
Send a Message
Quizzes Created
-
Created Quiz Play Count
-
More By This Creator
Popular Quizzes Today
1
Countries of Asia Without Outlines Minefield
2
Find the US States - No Outlines Minefield
3
Pick 6: Fruits
4
The Countries of the World
5
Find the Countries of Europe - No Outlines Minefield
6
Alphabetical 'K' Countries by Flag Minefield
7
US States
8
Find the US States
More Sports Quizzes
N.Y. Mets leaders for Innings Pitched since 1975
Quiz Lab
Trending Quizzes
Pick 6: Mountains
Pick 6: Harry Potter
Pick 6: NFL Teams
Pick 6: Flags
C Names for Actors
Recently Updated
Adaptations: Name the Title
pecheneg
NWSL Teams
pecheneg
Women's Final Four Teams by Year
bhenderson79
Presidents Quartet II
eogle
Anything But Clue(do)
eogle
Anything But Oceanian Capitals
eogle
Anything But 7
eogle
Anything But Thing
eogle
Word Ladder: February 29
pecheneg
Song Title Questions
pecheneg
Trending Topics
Harry Potter
Anime
Crossword
NBA
Disney
Marvel
Kpop
Soccer
WWE
Country
Puzzle
Song
Pokémon
The Office
NFL
Your Account Isn't Verified!
In order to create a playlist on Sporcle, you need to verify the email address you used during registration. Go to your
Sporcle Settings
to finish the process.
Report this User
Report this user for behavior that violates our
Community Guidelines
.
Details:
Send Report
Go to the Sporcle.com Mobile Site →
Comments